| 000 | 00766nam a2200265 a 4500 | ||
|---|---|---|---|
| 008 | |||
| 020 | _a0521566991 (pbk.) | ||
| 049 | _aMAIN | ||
| 090 |
_aQC395.2 _bLIP |
||
| 100 | 1 | _aLipson, S.G. | |
| 245 | 1 | 0 |
_aOptical physics / _cS.G. Lipson, H. Lipson, and D.S. Tannhauser. |
| 250 | _a3rd ed. | ||
| 260 |
_aCambridge : _bCambridge University Press, _c1996. |
||
| 300 |
_axviii, 497 p. : _bill. ; _c25 cm. |
||
| 504 | _aIncludes bibliographical references. | ||
| 500 | _aIncludes index. | ||
| 650 | 0 | _aPhysical optics. | |
| 700 | 1 | _aLipson, H. | |
| 700 | 1 | _aTannhauser, D.S. | |
| 907 |
_a.b10105384 _b20-03-12 _c05-01-04 |
||
| 003 | |||
| 005 | 20230123134054.0 | ||
| 040 | _cNUST | ||
| 942 |
_cBOOKS _kQC395.2 _mLIP |
||
| 999 |
_c159538 _d159538 |
||